000 00265nam a2200109Ia 4500
008 221009s9999 xx 000 0 und d
082 _a306/MEH
100 _aMehrotra, Rachna
_9749
245 0 _aImpact of Indian Culture on Nehru
260 _bNew Delhi
942 _cBK
999 _c64829
_d64829